Rationing, spillover, and interlinking in credit markets: the case of rural Punjab
Saved in:
| Main Author: | |
|---|---|
| Other Authors: | , |
| Format: | Article (Journal) |
| Language: | English |
| Published: |
01 October 1997
|
| In: |
Oxford economic papers
Year: 1997, Volume: 49, Issue: 4, Pages: 557-585 |
| ISSN: | 1464-3812 |
| DOI: | 10.1093/oxfordjournals.oep.a028625 |
| Subjects: | |
| Online Access: | Resolving-System, lizenzpflichtig, Volltext: https://doi.org/10.1093/oxfordjournals.oep.a028625 Resolving-System, lizenzpflichtig, Volltext: https://academic.oup.com/oep/article/49/4/557/2361652?login=true |
| Author Notes: | by Clive Bell, T. N. Srinivasan and Christopher Udry |
MARC
| LEADER | 00000caa a2200000 c 4500 | ||
|---|---|---|---|
| 001 | 1757599576 | ||
| 003 | DE-627 | ||
| 005 | 20220819202410.0 | ||
| 007 | cr uuu---uuuuu | ||
| 008 | 210510s1997 xxk|||||o 00| ||eng c | ||
| 024 | 7 | |a 10.1093/oxfordjournals.oep.a028625 |2 doi | |
| 035 | |a (DE-627)1757599576 | ||
| 035 | |a (DE-599)KXP1757599576 | ||
| 035 | |a (OCoLC)1341408920 | ||
| 040 | |a DE-627 |b ger |c DE-627 |e rakwb | ||
| 041 | |a eng | ||
| 044 | |c XA-GB | ||
| 084 | |a 81 |2 sdnb | ||
| 100 | 1 | |a Bell, Clive |d 1943- |e VerfasserIn |0 (DE-588)128456426 |0 (DE-627)373006268 |0 (DE-576)297156314 |4 aut | |
| 245 | 1 | 0 | |a Rationing, spillover, and interlinking in credit markets |b the case of rural Punjab |c by Clive Bell, T. N. Srinivasan and Christopher Udry |
| 264 | 1 | |c 01 October 1997 | |
| 300 | |b graph. Darst | ||
| 300 | |a 29 | ||
| 336 | |a Text |b txt |2 rdacontent | ||
| 337 | |a Computermedien |b c |2 rdamedia | ||
| 338 | |a Online-Ressource |b cr |2 rdacarrier | ||
| 650 | 7 | |8 1.1\x |a Agrarkredit |0 (DE-627)091345944 |0 (DE-2867)13430-3 |2 stw | |
| 650 | 7 | |8 1.2\x |a Kreditrationierung |0 (DE-627)091372801 |0 (DE-2867)11459-3 |2 stw | |
| 650 | 7 | |8 1.3\x |a Ländlicher Raum |0 (DE-627)091374073 |0 (DE-2867)10503-3 |2 stw | |
| 650 | 7 | |8 1.4\x |a Spillover-Effekt |0 (DE-627)091390923 |0 (DE-2867)11931-5 |2 stw | |
| 650 | 7 | |8 1.5\x |a Punjab (Indien) |0 (DE-627)09141539X |2 stw | |
| 655 | 4 | |0 (DE-206)49 |a Aufsatz in Zeitschrift |5 DE-206 | |
| 700 | 1 | |a Srinivasan, Thirukodikaval N. |d 1933-2018 |0 (DE-588)128766506 |0 (DE-627)379138697 |0 (DE-576)16315225X |4 oth | |
| 700 | 1 | |a Udry, Christopher |0 (DE-588)129253197 |0 (DE-627)391862898 |0 (DE-576)180350951 |4 oth | |
| 773 | 0 | 8 | |i In |t Oxford economic papers |d Oxford : Oxford Univ. Press, 1938 |g 49(1997), 4, Seite 557-585 |h Online-Ressource |w (DE-627)26687715X |w (DE-600)1467515-8 |w (DE-576)07514512X |x 1464-3812 |7 nnas |a Rationing, spillover, and interlinking in credit markets the case of rural Punjab |
| 773 | 1 | 8 | |g volume:49 |g year:1997 |g number:4 |g pages:557-585 |g extent:29 |a Rationing, spillover, and interlinking in credit markets the case of rural Punjab |
| 776 | 0 | 8 | |i Erscheint auch als |n Druck-Ausgabe |a Bell, Clive, 1943 - |t Rationing, spillover, and interlinking in credit markets |d 1997 |w (DE-627)261132385 |w (DE-576)9261132383 |
| 856 | 4 | 0 | |u https://doi.org/10.1093/oxfordjournals.oep.a028625 |x Resolving-System |z lizenzpflichtig |3 Volltext |
| 856 | 4 | 0 | |u https://academic.oup.com/oep/article/49/4/557/2361652?login=true |x Resolving-System |z lizenzpflichtig |3 Volltext |
| 951 | |a AR | ||
| 992 | |a 20210510 | ||
| 993 | |a Article | ||
| 994 | |a 1997 | ||
| 998 | |g 128456426 |a Bell, Clive |m 128456426:Bell, Clive |d 700000 |d 702000 |e 700000PB128456426 |e 702000PB128456426 |k 0/700000/ |k 1/700000/702000/ |p 1 |x j | ||
| 999 | |a KXP-PPN1757599576 |e 3927330248 | ||
| BIB | |a Y | ||
| SER | |a journal | ||
| JSO | |a {"type":{"bibl":"article-journal","media":"Online-Ressource"},"person":[{"role":"aut","display":"Bell, Clive","family":"Bell","given":"Clive"},{"role":"oth","display":"Srinivasan, Thirukodikaval N.","given":"Thirukodikaval N.","family":"Srinivasan"},{"family":"Udry","given":"Christopher","role":"oth","display":"Udry, Christopher"}],"relHost":[{"disp":"Rationing, spillover, and interlinking in credit markets the case of rural PunjabOxford economic papers","physDesc":[{"extent":"Online-Ressource"}],"origin":[{"dateIssuedDisp":"1938-","publisherPlace":"Oxford","publisher":"Oxford Univ. Press","dateIssuedKey":"1938"}],"note":["Gesehen am 18.02.14"],"title":[{"title":"Oxford economic papers","title_sort":"Oxford economic papers"}],"recId":"26687715X","pubHistory":["1.1938 -"],"id":{"issn":["1464-3812"],"eki":["26687715X"],"zdb":["1467515-8"]},"language":["eng"],"part":{"issue":"4","pages":"557-585","text":"49(1997), 4, Seite 557-585","volume":"49","extent":"29","year":"1997"},"titleAlt":[{"title":"Economic papers"}],"type":{"bibl":"periodical","media":"Online-Ressource"}}],"recId":"1757599576","language":["eng"],"title":[{"title_sort":"Rationing, spillover, and interlinking in credit markets","subtitle":"the case of rural Punjab","title":"Rationing, spillover, and interlinking in credit markets"}],"name":{"displayForm":["by Clive Bell, T. N. Srinivasan and Christopher Udry"]},"id":{"eki":["1757599576"],"doi":["10.1093/oxfordjournals.oep.a028625"]},"origin":[{"dateIssuedDisp":"01 October 1997","dateIssuedKey":"1997"}],"physDesc":[{"extent":"29 S.","noteIll":"graph. Darst"}]} | ||
| SRT | |a BELLCLIVERATIONINGS0119 | ||